Bayero Journal of Medical Laboratory Science (BJMLS) (Record no. 37393)

MARC details
000 -LEADER
fixed length control field 00521nam a2200145Ia 4500
022 ## - INTERNATIONAL STANDARD SERIAL NUMBER
ISSN 2545-5672
050 ## - CALL MARK
Classification number RB38 .25 .B39/
245 ## - TITLE STATEMENT
Title Bayero Journal of Medical Laboratory Science (BJMLS)
250 ## - EDITION / VOLUME STATEMENT
Edition / Volume statement Vol. 10, No.1
260 ## - PUBLICATION, DISTRIBUTION, ETC. (IMPRINT)
Place of publication Kano. Nigeria
Name of publisher Department of medical laboratory science, Bayero university, Kano. Nigeria
Year of publication 2025
300 ## - PHYSICAL DESCRIPTION
Number of Pages xiv, 205 p. ill.: 25 cm
650 ## - SUBJECT ADDED ENTRY--TOPICAL TERM
Topical Term Clinical Laboratory Techniques<br/>Biomedical Technology<br/>Chemistry, Clinical--methods
942 ## - ADDED ENTRY ELEMENTS (KOHA)
Koha item type Serials
Source of classification Library of Congress Classification

No items available.